| 000 | 00767nam a2200241 a 4500 | ||
|---|---|---|---|
| 005 | 20250704063918.0 | ||
| 008 | 060331s2003 ag 000 0 spa d | ||
| 020 | _a9870003184 | ||
| 035 | _aUPN01000144901 | ||
| 049 | _aCG | ||
| 050 | 4 |
_aRG556.5 _bS5.9 |
|
| 100 | 1 | _aShands, Linda I. | |
| 245 | 1 | 1 |
_a¿Y ahora qué hago? : _bapoyo para adolescentes embarazadas / _cLinda I. Shands ; tr. Sol Schindler. |
| 260 |
_aBuenos Aires : _bLumen, _c2003. |
||
| 300 | _a109 p. | ||
| 440 | 0 | _aClaves para la familia | |
| 534 |
_pTraducción de: _tWhat now? help for pregnant teens |
||
| 650 | 0 |
_aEmbarazo en la adolescencia _96784 |
|
| 650 | 2 |
_aMadres adolescentes _91539 |
|
| 650 | 4 |
_aCuidado del niño _96392 |
|
| 650 | 4 |
_aMujeres adolescentes _94095 |
|
| 905 | _aLibro | ||
| 999 |
_c117048 _d117048 |
||